| 000 | 01310nam0a2200301 4500 | ||
|---|---|---|---|
| 001 | RU\NLR\bibl\200316 | ||
| 005 | 20240725184727.0 | ||
| 020 |
_aRU-16113 _9Летопись авторефератов диссертаций |
||
| 021 |
_aRU _b98-16720a |
||
| 035 | _a(NLR Aleph) 000196690 | ||
| 090 |
_a1138912 _c1138912 |
||
| 100 | _a20000615d1998 u u0rusy50 ca | ||
| 101 | 0 | _arus | |
| 102 | _aRU | ||
| 105 | _aa dm ||||| | ||
| 200 | 1 |
_aУрогенитальный хламидиоз в крупном промышленном центре Западной Сибири _e(Эпидемиология, диагностика, лечение) _eАвтореф. дис. на соиск. учен. степ. к.м.н. _eСпец. 14.00.11 _f[Центр. науч.-исслед. кож.-венерол. ин-т] |
|
| 210 |
_aНовосибирск _d1998 |
||
| 215 |
_a18, [1] с. _cграф., табл. _d21 |
||
| 320 | _aБиблиогр. в конце текста (15 назв.) | ||
| 610 | 0 | _aМедицинские науки | |
| 686 |
_a14.00.11 _2oksvnk |
||
| 700 | 1 |
_aХрянин _bА. А. _gАлексей Алексеевич |
|
| 801 | 0 |
_aRU _bRKP _c20000615 _gPSBO |
|
| 801 | 1 |
_aRU _bRKP _c20000615 |
|
| 801 | 2 |
_aRU _bNLR _c20011112 _grcr |
|
| 852 |
_aNLR _jА98/16720 |
||
| 942 | _cBOOK | ||